LEADER 00952cam0 2200277 450 001 E600200062579 005 20201209140613.0 100 $a20100401d1987 |||||ita|0103 ba 101 $aita 102 $aIT 200 1 $aCome cultura$eprotagonisti, luoghi e idee delle scienze contemporanee$fMassimo Piattelli Palmarini$gcur. Simone Piattelli 210 $aMilano$cMondadori$d1987 215 $a296 p.$d21 cm 225 2 $aSaggi 410 1$1001SOBE00023135$12001 $a*Saggi 700 1$aPiattelli Palmarini$b, Massimo$3A600200026645$4070$0234243 702 1$aPiattelli, Simone$3A600200060766$4070 801 0$aIT$bUNISOB$c20201209$gRICA 850 $aUNISOB 852 $aUNISOB$j100$m48033 912 $aE600200062579 940 $aM 102 Monografia moderna SBN 941 $aM 957 $a100$b003760$gSi$d48033$racquisto$1massimo$2UNISOB$3UNISOB$420100401074116.0$520201209140600.0$6Alfano 996 $aCome cultura$91705026 997 $aUNISOB